header

Productivity and creativity (Record no. 103762)

MARC details
000 -LEADER
fixed length control field 01609nam a2200361 a 4500
082 04 - DEWEY DECIMAL CLASSIFICATION NUMBER
Classification number 410
245 00 - TITLE STATEMENT
Title Productivity and creativity
260 ## - PUBLICATION, DISTRIBUTION, ETC. (IMPRINT)
Place of publication Berlin ;
-- New York :
Name of publisher Mouton de Gruyter,
Year of publication 1998.
300 ## - PHYSICAL DESCRIPTION
Number of Pages xvi, 632 p. :
Other physical details ill.
505 0# - FORMATTED CONTENTS NOTE
Formatted contents note section 1. General linguistics -- section 2. Javanese and Indonesian -- section 3. Pacific and Amerindian languages -- section 4. Indo-European and Afro-Asiatic languages.
650 #0 - SUBJECT ADDED ENTRY--TOPICAL TERM
Topical Term Linguistics.
700 1# - ADDED ENTRY--PERSONAL NAME
Personal name Janse, Mark,
Personal name Verlinden, Ann,
Personal name Uhlenbeck, E. M.,
856 40 - ELECTRONIC LOCATION AND ACCESS
Uniform Resource Identifier http://site.ebrary.com/lib/rucke/Doc?id=10588392

No items available.

© 2026 Rongo University
Contact us: librarian | system librarian | Rongo university